| 000 | 00410nam a2200169Ia 4500 | ||
|---|---|---|---|
| 008 | 210210b1982 xxu||||| |||| 00| 0 eng d | ||
| 041 | _aeng | ||
| 082 | _a541.3 MOOP | ||
| 100 | _aMOORE (Walter J). | ||
| 245 | _aPhysical chemistry. Ed 5. | ||
| 250 | _a | ||
| 260 |
_aN D _bOrient Longman _c1982 |
||
| 300 | _axiii,977 | ||
| 650 | _aPhysical Chemistry | ||
| 690 | _aPhysical Chemistry | ||
| 906 | _aSG02234 | ||
| 999 |
_c113371 _d113371 |
||